Antología de la poesía Española : (Record no. 14047)

000 -CABECERA
fixed length control field 00993nam a22002537a 4500
003 - IDENTIFICADOR DEL NÚMERO DE CONTROL
control field AR-CdUCM
008 - DATOS DE LONGITUD FIJA--INFORMACIÓN GENERAL
fixed length control field 190417b ||||| |||| 00| 0 spa d
040 ## - FUENTE DE LA CATALOGACIÓN
Agencia/entidad que catalogó originalmente la obra MUNICIPALIDAD PROVINCIAL DEL CUSCO
Entidad que transcribió la catalogación BIBLIOTECA MUNICIPAL DEL CUSCO
082 ## - NÚMERO DE LA CLASIFICACIÓN DECIMAL DEWEY
No. de Clasificación ES / 800 /
Notacion interna C81
100 ## - ENTRADA PRINCIPAL--NOMBRE DE PERSONA
Nombre Personal Conde Obregon, Ramon
245 ## - MENCIÓN DE TÍTULO
Título Antología de la poesía Española :
Resto del título De los primitivos al romanticismo /
260 ## - PUBLICACIÓN, DISTRIBUCIÓN, ETC.
Lugar de publicación, distribución, etc. Barcelona :
Nombre de la editorial, distribuidor, etc. I.D.A.G.,
Fecha de publicación, distribución, etc. 1963.
300 ## - DESCRIPCIÓN FÍSICA
Nº de Páginas Extensión Volúmenes ;
Otros detalles físicos Ilustraciones,
Dimensiones 21 cm.
440 ## - MENCIÓN DE SERIE/PUNTO DE ACCESO ADICIONAL--TÍTULO
Título Colección Auriga, serie Perla
9 (RLIN) 32709
505 ## - NOTA DE CONTENIDO CON FORMATO
Nota de contenido formateada Contenido: v.1: La Poesía Primitiva -- Renacimiento -- El barroco -- Neoclasicismo -- El romanticismo. v.2: El realismo -- El modernismo -- Tendencia contemporáneas.
650 ## - PUNTO DE ACCESO ADICIONAL DE MATERIA--TÉRMINO DE MATERIA
Descriptor Renacimiento
9 (RLIN) 5449
650 ## - PUNTO DE ACCESO ADICIONAL DE MATERIA--TÉRMINO DE MATERIA
Descriptor El barroco
9 (RLIN) 32710
650 ## - PUNTO DE ACCESO ADICIONAL DE MATERIA--TÉRMINO DE MATERIA
Descriptor Neoclasicismo
9 (RLIN) 32711
650 ## - PUNTO DE ACCESO ADICIONAL DE MATERIA--TÉRMINO DE MATERIA
Descriptor El romanticismo
9 (RLIN) 32712
650 ## - PUNTO DE ACCESO ADICIONAL DE MATERIA--TÉRMINO DE MATERIA
Descriptor El realismo
9 (RLIN) 32713
650 ## - PUNTO DE ACCESO ADICIONAL DE MATERIA--TÉRMINO DE MATERIA
Descriptor El modernismo
9 (RLIN) 32714
942 ## - ELEMENTOS DE PUNTO DE ACCESO ADICIONAL (KOHA)
Fuente de clasificación
Tipo de item Libros-BMC
945 ## - PROCESAMIENTO DE INFORMACIÓN LOCAL (OCLC)
Catalogador cmm
AAAA-MM-DD - Fecha de ingreso o modificacion 2019-04-17
Holdings
Estado de retiro (separado) Fuente de clasificación o esquema de estanterías Estado dañado Ubicación Sala donde se ubica Nombre de la colección Fecha de adquisición o compra Costo, precio normal en soles Signatura topográfica Código de Barras Última vez visto (Koha) Tipo de ítem (Koha)
No     Sala de Infantes Sala de Infantes Children's Area 2019-04-17 40.00 ES / 800 / C81 / v.1 SI00002063 2019-04-17 Libros-BMC
No     Sala de Infantes Sala de Infantes Children's Area 2019-04-17 40.00 ES / 800 / C81 / v.2 SI00002064 2019-04-17 Libros-BMC

Powered by Koha